Sociálna prevencia a príprava sociálnych pracovníkov v oblasti prevencie vysokoškolská učebnica

Bibliographic Details
Main Authors: Ludvigh Cintulová, Lucia, 1983- (Author), Budayová, Zuzana, 1978- (Author), Brédová, Sabína, 1993- (Author)
Format: Book
Language:Slovak
PhysicalDescription:250 strán tabuľky 30 cm
Published: Bratislava Vysoká škola zdravotníctva a sociálnej práce sv. Alžbety, n.o. 2022
ISBN:9788081322457
Edition:Vydanie prvé
Subjects:

MARC

LEADER 00000cam a2200000 4500
001 vtls012145459
003 SK-MaSNL
005 20260302095102.0
008 220804s2022 xo a frnp 000 0 slo
015 |a SNBA2022/11 
020 |a 9788081322457  |q (brožované)  |z 9788081322464 
040 |a SNK  |b slo  |c SNK  |e rda 
041 0 |a slo 
044 |a xo  |c SK 
072 7 |a 364  |x Sociálne problémy vyžadujúce podporu a pomoc. Sociálne zabezpečenie  |2 konspekt 
072 7 |a 37.016  |x Učebné osnovy. Vyučovacie predmety. Učebnice  |2 konspekt 
080 |a 364-43  |2 2011 
080 |a 364-212  |2 2011 
080 |a (075.8)  |2 2011 
100 1 |a Ludvigh Cintulová, Lucia,  |d 1983-  |4 aut  |9 224060 
245 1 0 |a Sociálna prevencia a príprava sociálnych pracovníkov v oblasti prevencie  |b vysokoškolská učebnica  |c Lucia Ludvigh Cintulová, Zuzana Budayová, Sabína Brédová 
250 |a Vydanie prvé 
264 1 |a Bratislava  |b Vysoká škola zdravotníctva a sociálnej práce sv. Alžbety, n.o.  |c 2022 
300 |a 250 strán  |b tabuľky  |c 30 cm 
336 |a text  |b txt  |2 rdacontent 
337 |a bez média  |b n  |2 rdamedia 
338 |a zväzok  |b nc  |2 rdacarrier 
366 |e 150 kusov 
500 |a V tiráži chybný čiarový kód, správne má byť 9788081322457 
504 |a Bibliografia na strane 233-249 
650 0 7 |a sociálni pracovníci  |2 SNKPH  |9 68206 
650 0 7 |a sociálna prevencia  |2 SNKPH  |9 1556 
650 0 7 |a sociálno-patologické javy  |2 SNKPH  |9 319387 
650 0 7 |a Social workers  |2 SNKPHeng  |9 275966 
650 0 7 |a Social prevention  |2 SNKPHeng  |9 99189 
655 7 |a učebnice vysokých škôl  |2 SNKPH  |9 70191 
655 7 |a Textbooks (higher)  |2 SNKPHeng  |9 276436 
700 1 |a Budayová, Zuzana,  |d 1978-  |4 aut  |9 204793 
700 1 |a Brédová, Sabína,  |d 1993-  |4 aut  |9 223927 
919 |a 978-80-8132-245-7 
954 |a odborná, vedecká literatúra pôvodná (slovenská)  |2 lita 
958 |a NB 
958 |a SP 
999 |c 1215653  |d 1217583 
952 |a SNK  |b SNK  |y PREZ  |7 0  |p 17A1492646  |o snkSB 98338  |i snk2022/12097  |8 0  |0 0  |1 0  |4 0  |d 2022-08-04  |f 1  |l 0  |r 2026-02-24 23:27:16  |w 2026-02-24 
952 |a SNK  |b SNK  |y VYP  |7 0  |p 17A1492647  |o snkSB 98338 D1  |i snk2022/12098  |8 0  |0 0  |1 0  |4 0  |d 2022-08-04  |l 0  |r 2026-02-24 23:27:16  |w 2026-02-24